O controle do danda, Cyperus rotundus L, em pomar citrico (Registro n. 323160)
[ somente texto ]
| 000 -LÍDER | |
|---|---|
| campo de controle de tamanho fixo | 00781naa a22002777a 4500 |
| 001 - NÚMERO DE CONTROLE | |
| campo de controle | BR9301639 |
| 003 - IDENTIFICADOR DO NÚMERO DE CONTROLE | |
| campo de controle | BR-BrBNA |
| 005 - DATA E HORÁRIO DA ÚLTIMA TRANSAÇÃO | |
| campo de controle | 20240918181016.0 |
| 007 - CAMPO FIXO DE DESCRIÇÃO FÍSICA--INFORMAÇÃO GERAL | |
| campo de controle de tamanho fixo | ta |
| 008 - CAMPO DE DADOS FIXOS--INFORMAÇÃO GERAL | |
| campo de controle de tamanho fixo | 230509b bl.||||| |||| 00| 0 por d |
| 040 ## - FONTE DA CATALOGAÇÃO | |
| Instituição da catalogação original | BR-BrBNA |
| Idioma da catalogação | por |
| Instituição que transcreveu o registro | Biblioteca Nacional de Agricultura |
| 041 ## - CÓDIGO DE IDIOMA | |
| Código do idioma do texto/trilha sonora ou título diferente | (Pt |
| 072 ## - CÓDIGO DE CATEGORIA DE ASSUNTO | |
| Código de Categoria de Assunto | H60 |
| Código do objeto | 1000 |
| 090 ## - NÚMERO DE CHAMADA LOCAL | |
| Número de chamada | H60 BR9301639 |
| 100 1# - ENTRADA PRINCIPAL--NOME PESSOAL | |
| Nome pessoal | Cunha, H.M.P. da |
| 245 1# - TÍTULO | |
| Título | O controle do danda, Cyperus rotundus L, em pomar citrico |
| 250 1# - EDIÇÃO | |
| Edição | 1977 |
| 500 ## - NOTA GERAL | |
| Nota geral | Informe cientifico anual, no. 1<br/>1977<br/>(BR9301639-AM)H60<br/> |
| 650 ## - ASSUNTO--TERMO TÓPICO | |
| Cabeçalho tópico ou nome geográfico | Fruta Citrica |
| 650 ## - ASSUNTO--TERMO TÓPICO | |
| Cabeçalho tópico ou nome geográfico | Tiririca |
| 650 ## - ASSUNTO--TERMO TÓPICO | |
| Cabeçalho tópico ou nome geográfico | Erva Daninha |
| 650 ## - ASSUNTO--TERMO TÓPICO | |
| Cabeçalho tópico ou nome geográfico | Herbicida |
| 773 0# - ENTRADA ANALÍTICA | |
| Título | Informe cientifico anual, no. 1 |
| Número de controle do registro | H60 BR9301639 |
| Partes relacionadas | |
| 909 ## - | |
| -- | 202404 |
| -- | Lucia |
| -- | 55 |
| -- | Lucia Elande |
| 942 ## - ELEMENTOS DE ENTRADA ADICIONADOS (KOHA) | |
| Tipo de material Koha | Capítulo-Livro |
| Fonte da classificação ou esquema de arquivamento na estante | Classificação AGRIS |
| Situação do descarte | Fonte da classificação ou esquema de arquivamento na estante | Situação física | Não pode ser emprestado | Coleção | Biblioteca de origem | Biblioteca atual | Localização na estante | Total de empréstimos | Número de telefone completo | Data de último acesso | Número do exemplar | Tipo de material Koha | Situação das perdas | Data de aquisição | Fonte de aquisição |
|---|---|---|---|---|---|---|---|---|---|---|---|---|---|---|---|
| Classificação AGRIS | Biblioteca Nacional de Agricultura - Binagri | Biblioteca Nacional de Agricultura - Binagri | Agrobase - Acervo Geral | F01 BR9301634 | 20/05/2024 | 01 | Capítulo-Livro | 2024-04-11 | Portaria Interministerial nº 164/94 |

BINAGRI